| 000 | 00896nam a22002417a 4500 | ||
|---|---|---|---|
| 001 | 48140 | ||
| 003 | BD-RjUL | ||
| 005 | 20211209054452.0 | ||
| 008 | 160811s1993 ii ||||| |||| 00| 0 ben d | ||
| 020 | _c: IRs 30.00 | ||
| 035 | _a(BD-RjUL) 48259 | ||
| 040 |
_aBD-RjUL _bben _cBD-RjUL |
||
| 041 | _aben | ||
| 082 |
_223 _a891.2 _bKAK 1993 |
||
| 100 |
_aকালিদাস _9136545 |
||
| 245 | 1 | 0 |
_aকুমারসম্ভবম / _cকালিদাস |
| 260 |
_aকলিকাতা : _bসংস্কৃত পুস্তক ; _c১৯৯৩ |
||
| 300 |
_a২০২ পৃ. ; _c১৭ সেমি. |
||
| 650 |
_aসংস্কৃত সাহিত্য _9145865 |
||
| 650 |
_aSanskrite Literature _9145866 |
||
| 700 |
_aভট্রাচার্য, গুরুনাথ বিদ্যানিধি, সম্পাদিওক _9145867 |
||
| 942 |
_2ddc _cBK |
||
| 999 |
_c48140 _d48140 |
||